00438nam a2200133Ia 4500020001500000082002400015100001800039245007900057260004200136300001300178504003600191650004300227650003400270 a8178290758 a331.412095492 KAB-B aKabeer, Naila 0aBangladeshi women workers and labour market decisions: The power to choose aNew DelhibVistaar Publicationsc2000 axvi, 464 aincludes bibliography and index aLabor and laboring classeszBangladesh aWomenvEmploymentzBangladesh